| 000 | 00359nam a22001577a 4500 | ||
|---|---|---|---|
| 999 |
_c532606 _d532606 |
||
| 003 | NUST | ||
| 005 | 20191126151151.0 | ||
| 008 | 191126b ||||| |||| 00| 0 eng d | ||
| 038 | _aMSOHAIL | ||
| 082 | _a0 | ||
| 100 |
_aPTV Group _926231 |
||
| 245 | _aPTV Vissim 7: User Manual | ||
| 260 |
_aGermany _bPTV AG _cc2014 |
||
| 300 | _ap;763 | ||
| 942 |
_2ddc _cBK |
||